Result of the business survey carried out among heads of enterprises in the community (Record no. 497830)

000 -LEADER
fixed length control field 00452cam a22001097a 4500
008 - FIXED-LENGTH DATA ELEMENTS--GENERAL INFORMATION
fixed length control field 180718b1966 xxu||||| |||| 00| 0 eng d
082 ## - DEWEY DECIMAL CLASSIFICATION NUMBER
Classification number T3068x4 Eu72
245 ## - TITLE STATEMENT
Title Result of the business survey carried out among heads of enterprises in the community
Statement of responsibility, etc. by Directorate General for Economic and Financial Affairs.
260 ## - PUBLICATION, DISTRIBUTION, ETC.
Place of publication, distribution, etc.
Name of publisher, distributor, etc. European Economic Community
Date of publication, distribution, etc. 1966
300 ## - PHYSICAL DESCRIPTION
Extent 36p.
700 ## - ADDED ENTRY--PERSONAL NAME
Personal name Europe. Directorate General for Economic and Financial Affairs
Holdings
Withdrawn status Lost status Damaged status Not for loan Permanent Location Current Location Date acquired Full call number Barcode Date last seen Price effective from Koha item type
        Indian Institute of Public Administration Indian Institute of Public Administration 2018-08-04 T3068x4 Eu72 G7317 2018-08-04 2018-08-04 G

Powered by Koha